000 01540cam a2200169 4500500
005 20260322002933.0
041 _afre
042 _adc
100 1 0 _aLaventure, Myriam
_eauthor
245 0 0 _aLine Beauchesne, La légalisation du cannabis au Canada : Entre commercialisation et prohibition 2.0. Bayard Canada (2020), 323 pages
260 _c2021.
500 _a65
520 _aCet article dresse le bilan de dix ans de jurisprudence rendue par la Cour européenne des droits de l'homme en matière d'emprisonnement à perpétuité. L'emprisonnement perpétuel a fait l'objet de très nombreuses décisions, lesquelles se doivent d'être analysées pour comprendre les critères retenus par la Haute Cour. L'article dresse finalement les enseignements, constatant un important problème de fond parfois tempéré par une procédure justement appréhendée.
520 _aThis article summarises ten years of case law of the European Court of Human Rights on life imprisonment. Life imprisonment has been the subject of numerous decisions, which must be analysed in order to understand the criteria adopted by the High Court. The article finally draws up the lessons, noting an important fundamental problem sometimes tempered by a procedure that is rightly understood.
786 0 _nRevue de science criminelle et de droit pénal comparé | 1 | 1 | 2021-07-05 | p. 239f-254f | 0035-1733
856 4 1 _uhttps://droit.cairn.info/revue-de-science-criminelle-et-de-droit-penal-compare-2021-1-page-239f?lang=fr&redirect-ssocas=7080
999 _c1727865
_d1727865